<?xml version="1.0" encoding="UTF-8"?><?xml-stylesheet type="text/xsl" href="static/style.xsl"?><OAI-PMH xmlns="http://www.openarchives.org/OAI/2.0/" xmlns:xsi="http://www.w3.org/2001/XMLSchema-instance" xsi:schemaLocation="http://www.openarchives.org/OAI/2.0/ http://www.openarchives.org/OAI/2.0/OAI-PMH.xsd"><responseDate>2026-06-07T16:21:32Z</responseDate><request verb="GetRecord" identifier="oai:docta.ucm.es:20.500.14352/126329" metadataPrefix="marc">https://docta.ucm.es/rest/oai/request</request><GetRecord><record><header><identifier>oai:docta.ucm.es:20.500.14352/126329</identifier><datestamp>2025-11-22T00:51:00Z</datestamp><setSpec>com_20.500.14352_14</setSpec><setSpec>col_20.500.14352_15</setSpec></header><metadata><record xmlns="http://www.loc.gov/MARC21/slim" xmlns:dcterms="http://purl.org/dc/terms/" xmlns:xsi="http://www.w3.org/2001/XMLSchema-instance" xmlns:doc="http://www.lyncode.com/xoai" xsi:schemaLocation="http://www.loc.gov/MARC21/slim http://www.loc.gov/standards/marcxml/schema/MARC21slim.xsd">
   <leader>00925njm 22002777a 4500</leader>
   <datafield ind2=" " ind1=" " tag="042">
      <subfield code="a">dc</subfield>
   </datafield>
   <datafield ind2=" " ind1=" " tag="720">
      <subfield code="a">Martín-Gutiérrez, Ángela</subfield>
      <subfield code="e">author</subfield>
   </datafield>
   <datafield ind2=" " ind1=" " tag="720">
      <subfield code="a">Fernández-Salinero Miguel, Carolina</subfield>
      <subfield code="e">author</subfield>
   </datafield>
   <datafield ind2=" " ind1=" " tag="720">
      <subfield code="a">García-Mora, María Elena</subfield>
      <subfield code="e">author</subfield>
   </datafield>
   <datafield ind2=" " ind1=" " tag="720">
      <subfield code="a">Montero-Pedrera, Ana María</subfield>
      <subfield code="e">author</subfield>
   </datafield>
   <datafield ind2=" " ind1=" " tag="260">
      <subfield code="c">2025-02-18</subfield>
   </datafield>
   <datafield ind2=" " ind1=" " tag="520">
      <subfield code="a">The general aim of the investigation was to determine the effectiveness of the PElEO program (educational program for the development of entrepreneurial potential in adolescents) in Spanish students (males and females). It was carried out with a pre-test and post-test design in a sample divided into a control group and an experimental group of students registered in the educational stages of Secondary Education and Vocational Training in order to test the hypotheses related to participation in the PElEO program and its effectiveness in formative dimensions considered. The program was effective and promoted the development of entrepreneurial potential and each of its five dimensions (Creativity, Personal Control, Goal Orientation, Leadership and Intuition for Problem Solving) in the group of individuals who participated. However, its impact was more pronounced among men than women, revealing potential entrepreneurial dimensions already present in women, establishing the bases for future entrepreneurial education proposals, and building upon those delineated in the European model Entrecomp. The originality of this study lies in the combination of three elements: 1) the analysed concept (entrepreneurial potential) and the terms associated with it; 2) entrepreneurship education in Spain currently conceived as the means for its development; and 3) the design, implementation, and analysis of the results of an entrepreneurship education program (PElEO), which provides relevant data about the differences between women and men.</subfield>
   </datafield>
   <datafield ind1="8" ind2=" " tag="024">
      <subfield code="a">Martín-Gutiérrez, Á.; Fernández-Salinero, C.; García-Mora, Mª E. &amp; Montero-Pedrera, An Mª. (2025). Effectiveness of the PElEO program to develop the entrepreneurial potential of Spanish students in Secondary Education and Vocational Training, Social Sciences &amp; Humanities Open, Volume 11, 101365, https://doi.org/10.1016/j.ssaho.2025.101365.</subfield>
   </datafield>
   <datafield ind1="8" ind2=" " tag="024">
      <subfield code="a">10.1016/j.ssaho.2025.101365</subfield>
   </datafield>
   <datafield ind1="8" ind2=" " tag="024">
      <subfield code="a">https://hdl.handle.net/20.500.14352/126329</subfield>
   </datafield>
   <datafield ind1="8" ind2=" " tag="024">
      <subfield code="a">2590-2911</subfield>
   </datafield>
   <datafield ind1="8" ind2=" " tag="024">
      <subfield code="a">https://doi.org/10.1016/j.ssaho.2025.101365</subfield>
   </datafield>
   <datafield ind1="8" ind2=" " tag="024">
      <subfield code="a">https://produccioncientifica.ucm.es/documentos/67ce778ae210502b2cf6f7ea</subfield>
   </datafield>
   <datafield ind1="8" ind2=" " tag="024">
      <subfield code="a">https://www.scopus.com/pages/publications/85218853785?origin=resultslist</subfield>
   </datafield>
   <datafield ind1="8" ind2=" " tag="024">
      <subfield code="a">https://hdl.handle.net/11441/172075</subfield>
   </datafield>
   <datafield ind1="8" ind2=" " tag="024">
      <subfield code="a">https://www.sciencedirect.com/science/article/pii/S2590291125000920?via%3Dihub</subfield>
   </datafield>
   <datafield ind2="0" ind1="0" tag="245">
      <subfield code="a">Effectiveness of the PElEO program to develop the entrepreneurial potential of Spanish students in Secondary Education and Vocational Training</subfield>
   </datafield>
</record></metadata></record></GetRecord></OAI-PMH>